Postavenie krajín V4 v Európskej únii

Vplyv informačných a telekomunikačných technológií na svetové hospodárstvo. Prijatie tzv. Lisabonskej stratégie (2000) - strategický cieľ pre ďalšie desaťročie EÚ a jej ciele. Zvýšená pozornosť EÚ venovaná výkonnosti ekonomík nových členských krajín. Výkonnosť a štruktúra ekonomík krajín V4. Porovna...

Descrizione completa

Salvato in:
Dettagli Bibliografici
Autore principale: Fabová, Ľudmila
Natura: Capitolo di libro
Lingua:slovacco
Soggetti:
Tags: Aggiungi Tag
Nessun Tag, puoi essere il primo ad aggiungerne!!

MARC

LEADER 00000naa$a2200000$$$4500
001 0034794
005 20231116082114.4
041 0 |a slo 
044 |a SK 
245 1 0 |a Postavenie krajín V4 v Európskej únii  |c Ľudmila Fabová 
520 |a Vplyv informačných a telekomunikačných technológií na svetové hospodárstvo. Prijatie tzv. Lisabonskej stratégie (2000) - strategický cieľ pre ďalšie desaťročie EÚ a jej ciele. Zvýšená pozornosť EÚ venovaná výkonnosti ekonomík nových členských krajín. Výkonnosť a štruktúra ekonomík krajín V4. Porovnanie reálneho HDP a produktivity práce v krajinách EÚ, V4, USA a Japonsku. 
610 2 0 |a Európska únia 
610 2 0 |a Vyšehradská štvorka 
610 2 0 |a Lisabonská stratégia 
610 2 0 |a ekonomika nová 
610 2 0 |a technológie informačné 
610 2 0 |a technológie komunikačné 
610 2 0 |a rast hospodársky 
610 2 0 |a produktivita práce 
610 2 0 |a výkonnosť ekonomiky 
610 2 0 |a štruktúra ekonomiky odvetvová 
610 2 0 |a porovnanie medzinárodné 
610 2 0 |a USA 
100 1 |a Fabová, Ľudmila